[Event "Catalunya-ch (Women)"]
[Site "Llinars del Valles"]
[Date "2022.10.31"]
[Round "6"]
[White "Comellas Martos, Lidia"]
[Black "Martin Perez, Laura"]
[Result "0-1"]
[WhiteElo "2117"]
[BlackElo "2070"]
[PlyCount "62"]
[EventDate "2022.10.28"]
[EventType "tourn"]
[EventRounds "7"]
[EventCountry "ESP"]
[SourceTitle "EXT 2024"]
[Source "ChessBase"]
[SourceDate "2023.10.10"]
[SourceVersion "1"]
[SourceVersionDate "2023.10.10"]
[SourceQuality "1"]

1. e4 c5 2. Nf3 Nc6 3. Bb5 g6 4. 0-0 Bg7 5. Bxc6 bxc6 6. d3 d6 7. Nbd2 e5 8. Nc4 Ne7 9. Nfd2 0-0 10. f4 exf4 11. Rxf4 d5 12. Na3 Qd6 13. Rf1 Rb8 14. Rb1 f5 15. exf5 Nxf5 16. Nf3 Ba6 17. c4 Rbe8 18. Re1 Nd4 19. Rf1 Nxf3+ 20. Rxf3 Bd4+ 21. Kh1 Rxf3 22. gxf3 Bc8 23. Nc2 Be5 24. Qg1 Bf5 25. Ne3 Bxd3 26. Ra1 Bd4 27. Qg5 dxc4 28. a4 Qe5 29. Qxe5 Rxe5 30. Ng4 Re1+ 31. Kg2 h5 0-1

[Event "ESP-ch 87th"]
[Site "Linares"]
[Date "2022.08.13"]
[Round "3"]
[White "Comellas Martos, Lidia"]
[Black "Alvarez Fernandez, Enrique"]
[Result "1/2-1/2"]
[WhiteElo "2132"]
[BlackElo "2344"]
[PlyCount "108"]
[EventDate "2022.08.11"]
[EventType "swiss"]
[EventRounds "9"]
[EventCountry "ESP"]
[SourceTitle "CBM 209 Extra"]
[Source "ChessBase"]
[SourceDate "2022.09.30"]
[SourceVersion "1"]
[SourceVersionDate "2022.09.30"]
[SourceQuality "1"]

1. e4 e6 2. d4 d5 3. exd5 exd5 4. Bd3 Nc6 5. c3 Bd6 6. Nf3 Nge7 7. 0-0 0-0 8. Bg5 f6 9. Bh4 Bf5 10. Bxf5 Nxf5 11. Bg3 Bxg3 12. hxg3 Nd6 13. Qb3 Ne7 14. Nbd2 a5 15. a4 b6 16. Rfe1 Qd7 17. Re2 Nf7 18. Rae1 Rfe8 19. Nf1 Rad8 20. N3d2 Kf8 21. f3 Nc8 22. Rxe8+ Rxe8 23. Rxe8+ Kxe8 24. Ne3 Ne7 25. Kf2 Kf8 26. Qc2 g6 27. b3 Kg7 28. Ndf1 Ng5 29. Qe2 Kf7 30. Ng4 Qd6 31. Qb2 h5 32. Nge3 Ne6 33. b4 axb4 34. cxb4 Nc6 35. Nc2 g5 36. Qc3 h4 37. a5 bxa5 38. bxa5 Na7 39. Qd3 c5 40. Qh7+ Ng7 41. Nfe3 Qf4 42. Nxd5 Qd2+ 43. Kg1 cxd4 44. gxh4 gxh4 45. Qxh4 Qxc2 46. Qxf6+ Kg8 47. Qxd4 Nc6 48. Qe4 Qxe4 49. Nf6+ Kf7 50. Nxe4 Nxa5 51. Kf2 Nc4 52. g4 Ne6 53. Kg3 Ne5 54. f4 Nxf4 1/2-1/2

[Event "ESP-ch 87th"]
[Site "Linares"]
[Date "2022.08.11"]
[Round "1"]
[White "Comellas Martos, Lidia"]
[Black "Valmana Canto, Jaime"]
[Result "0-1"]
[WhiteElo "2132"]
[BlackElo "2395"]
[PlyCount "112"]
[EventDate "2022.08.11"]
[EventType "swiss"]
[EventRounds "9"]
[EventCountry "ESP"]
[SourceTitle "CBM 209 Extra"]
[Source "ChessBase"]
[SourceDate "2022.09.30"]
[SourceVersion "1"]
[SourceVersionDate "2022.09.30"]
[SourceQuality "1"]

1. e4 c5 2. Nf3 Nc6 3. Bb5 Nf6 4. Bxc6 dxc6 5. d3 Bg4 6. Nbd2 Nd7 7. h3 Bh5 8. g4 Bg6 9. e5 e6 10. Qe2 h5 11. Rg1 hxg4 12. hxg4 Qc7 13. Nb3 a5 14. a4 b5 15. Bd2 Nb6 16. Bxa5 bxa4 17. Rxa4 Qb7 18. Ra1 Nd5 19. Bc3 Rxa1+ 20. Nxa1 Nxc3 21. bxc3 c4 22. Kd2 Rh3 23. dxc4 c5 24. Rg3 Rh1 25. Rg1 Rxg1 26. Nxg1 Be7 27. f4 Qh1 28. Qf3 Qh2+ 29. Ne2 f5 30. exf6 gxf6 31. Nb3 Kf7 32. f5 exf5 33. Qd5+ Kg7 34. gxf5 Qh6+ 35. Kd1 Bf7 36. Qg2+ Kf8 37. Qa8+ Kg7 38. Qg2+ Kh7 39. Qe4 Bd6 40. Qb7 Qh5 41. Kd2 Bf8 42. Qe4 Qg5+ 43. Kd1 Bh5 44. Qb7+ Kh8 45. Qh1 Qxf5 46. Nbc1 Bh6 47. Qa8+ Kh7 48. Qb7+ Kg6 49. Qg2+ Bg5 50. Nd3 Bf3 51. Qf2 Qg4 52. Ne1 Qd7+ 53. Nd3 Qb7 54. Ndc1 Bh5 55. Qg3 Qb1 56. Qd3+ Kh6 0-1

[Event "Sant Andreu CM"]
[Site "Barcelona"]
[Date "2019.11.16"]
[Round "8"]
[White "Petit Montes, Marc"]
[Black "Comellas Martos, Lidia"]
[Result "1/2-1/2"]
[WhiteElo "2020"]
[BlackElo "2061"]
[PlyCount "85"]
[EventDate "2019.09.14"]
[EventType "tourn"]
[EventRounds "9"]
[EventCountry "ESP"]
[SourceTitle "CBM 195 Extra"]
[Source "ChessBase"]
[SourceDate "2020.05.31"]
[SourceVersion "1"]
[SourceVersionDate "2020.05.31"]
[SourceQuality "1"]

1. c4 e5 2. b3 d6 3. Bb2 g6 4. d4 Bg7 5. dxe5 Bxe5 6. Bxe5 dxe5 7. Qxd8+ Kxd8 8. Nc3 c6 9. 0-0-0+ Kc7 10. e4 Nd7 11. h4 h5 12. g3 Ngf6 13. f3 Nc5 14. Bh3 Be6 15. b4 Bxh3 16. Nxh3 Ne6 17. Ng5 Nxg5 18. hxg5 Nd7 19. Rd2 a5 20. Rhd1 Rhd8 21. b5 Rab8 22. Na4 cxb5 23. cxb5 b6 24. Rd6 Rb7 25. Kb2 Kc8 26. Nc3 Re8 27. Nd5 Kb8 28. Nf6 Nxf6 29. gxf6 Kc8 30. Rc6+ Kb8 31. Rdd6 Ka7 32. Rd5 Kb8 33. Rdd6 Ka7 34. Kc3 g5 35. Rd5 h4 36. gxh4 gxh4 37. Kd3 h3 38. Rc2 Re6 39. Rh2 Rxf6 40. Rxh3 Re6 41. Rh5 Rbe7 42. Rh8 Kb7 43. Rdd8 1/2-1/2

[Event "Sant Andreu CM"]
[Site "Barcelona"]
[Date "2019.10.19"]
[Round "5"]
[White "Comellas Martos, Lidia"]
[Black "Zheng, Hong Wei"]
[Result "1-0"]
[WhiteElo "2061"]
[BlackElo "2008"]
[PlyCount "33"]
[EventDate "2019.09.14"]
[EventType "tourn"]
[EventRounds "9"]
[EventCountry "ESP"]
[SourceTitle "CBM 195 Extra"]
[Source "ChessBase"]
[SourceDate "2020.05.31"]
[SourceVersion "1"]
[SourceVersionDate "2020.05.31"]
[SourceQuality "1"]

1. e4 d6 2. d4 Nf6 3. Nc3 Nbd7 4. f4 e5 5. Nf3 exd4 6. Qxd4 c6 7. Bc4 b5 8. Be2 Bb7 9. e5 dxe5 10. fxe5 Bc5 11. Qf4 Nd5 12. Nxd5 cxd5 13. b4 Be7 14. Qg4 Qb6 15. a3 g6 16. Bb2 0-0 17. Qxd7 1-0

[Event "ESP-ch 83rd"]
[Site "Linares"]
[Date "2018.08.22"]
[Round "3"]
[White "Suarez Uriel, Adrian"]
[Black "Comellas Martos, Lidia"]
[Result "1-0"]
[WhiteElo "2391"]
[BlackElo "2001"]
[PlyCount "67"]
[EventDate "2018.08.20"]
[EventType "swiss"]
[EventRounds "9"]
[EventCountry "ESP"]
[SourceTitle "CBM 186 Extra"]
[Source "ChessBase"]
[SourceDate "2018.08.24"]
[SourceVersion "1"]
[SourceVersionDate "2018.08.24"]
[SourceQuality "1"]

1. Nf3 Nf6 2. c4 c5 3. Nc3 Nc6 4. d4 cxd4 5. Nxd4 g6 6. e4 d6 7. Be2 Bg7 8. Be3 0-0 9. 0-0 Bd7 10. h3 Nxd4 11. Bxd4 Bc6 12. Qc2 e5 13. Be3 h6 14. Rfd1 Qe7 15. b4 b6 16. a4 Rfd8 17. a5 Qc7 18. Qd3 Bf8 19. Rdc1 bxa5 20. Rxa5 a6 21. Nd5 Bxd5 22. cxd5 Qb7 23. Bd2 Rdc8 24. Rxc8 Qxc8 25. f3 h5 26. Rxa6 Rxa6 27. Qxa6 Qxa6 28. Bxa6 Be7 29. Bb5 Bd8 30. Be3 Bc7 31. Ba7 Kf8 32. Bc6 Ke7 33. b5 Nd7 34. Bxd7 1-0

[Event "ESP-ch U16"]
[Site "Granada"]
[Date "2016.07.22"]
[Round "8"]
[White "Represa Perez, Mireya"]
[Black "Comellas Martos, Lidia"]
[Result "1-0"]
[WhiteElo "1966"]
[BlackElo "1782"]
[PlyCount "73"]
[EventDate "2016.07.18"]
[EventType "swiss"]
[EventRounds "9"]
[EventCountry "ESP"]
[SourceTitle "EXT 2024"]
[Source "ChessBase"]
[SourceDate "2023.10.10"]
[SourceVersion "1"]
[SourceVersionDate "2023.10.10"]
[SourceQuality "1"]

1. e4 e6 2. d4 d5 3. Nc3 Nf6 4. e5 Nfd7 5. f4 c5 6. Nf3 Nc6 7. Be3 cxd4 8. Nxd4 Bc5 9. Qd2 0-0 10. Qf2 Qe7 11. 0-0-0 a6 12. Bd3 Nxd4 13. Bxd4 b5 14. h4 b4 15. Ne2 a5 16. Kb1 Ba6 17. h5 a4 18. g4 b3 19. g5 Bxd3 20. Rxd3 bxa2+ 21. Ka1 Rfb8 22. g6 Bxd4 23. Nxd4 Nc5 24. Rdh3 Qb7 25. b3 axb3 26. Nxb3 Nxb3+ 27. cxb3 h6 28. gxf7+ Qxf7 29. Rg3 Ra3 30. Qc5 Qxf4 31. Rxg7+ Kxg7 32. Qc7+ Kh8 33. Qxb8+ Kh7 34. Qc7+ Kg8 35. Rg1+ Kf8 36. Qd8+ Kf7 37. Qg8+ 1-0

[Event "Balears-ch (Women)"]
[Site "Palma de Mallorca"]
[Date "2016.03.27"]
[Round "6"]
[White "Kolotilina, Liudmila"]
[Black "Comellas Martos, Lidia"]
[Result "1-0"]
[WhiteElo "2131"]
[BlackElo "1770"]
[PlyCount "48"]
[EventDate "2016.03.25"]
[EventType "tourn"]
[EventRounds "7"]
[EventCountry "ESP"]
[SourceTitle "CBM 171 Extra"]
[Source "ChessBase"]
[SourceDate "2016.04.26"]
[SourceVersion "1"]
[SourceVersionDate "2016.04.26"]
[SourceQuality "1"]

1. e4 e6 2. d4 d5 3. e5 c5 4. c3 Nc6 5. Nf3 Qb6 6. a3 cxd4 7. cxd4 Nge7 8. Nc3 a6 9. Bd3 Bd7 10. Na4 Qc7 11. Be3 Ng6 12. h4 b5 13. Nc3 Nge7 14. Rc1 Nc8 15. Ng5 N8a7 16. Qf3 Bc8 17. Bxh7 Qb7 18. Bd3 Nd8 19. g3 Qe7 20. 0-0 g6 21. Ne2 Bg7 22. Rc5 Nac6 23. Rfc1 Bd7 24. Nf4 0-0 1-0

[Event "Balears-ch (Women)"]
[Site "Palma de Mallorca"]
[Date "2016.03.26"]
[Round "3"]
[White "Comellas Martos, Lidia"]
[Black "Prohens Lopez, Laia"]
[Result "1-0"]
[WhiteElo "1770"]
[BlackElo "1356"]
[PlyCount "87"]
[EventDate "2016.03.25"]
[EventType "tourn"]
[EventRounds "7"]
[EventCountry "ESP"]
[SourceTitle "CBM 171 Extra"]
[Source "ChessBase"]
[SourceDate "2016.04.26"]
[SourceVersion "1"]
[SourceVersionDate "2016.04.26"]
[SourceQuality "1"]

1. e4 e5 2. Nf3 Nc6 3. d4 exd4 4. Nxd4 Nf6 5. Nxc6 bxc6 6. e5 Qe7 7. Qe2 Nd5 8. c4 Ba6 9. b3 g6 10. f4 Bg7 11. Qd2 Nxf4 12. Qxf4 Bxe5 13. Qe3 Bxa1 14. Be2 Qxe3 15. Bxe3 0-0 16. Kf2 Be5 17. g3 Bb7 18. Rd1 d5 19. Bf3 Rfd8 20. Bc5 a6 21. Na3 Rd7 22. cxd5 cxd5 23. Nc4 Bg7 24. Na5 c6 25. Be2 Bc3 26. Nc4 Re8 27. Nd6 Rb8 28. Nxb7 Rbxb7 29. Bxa6 Rb8 30. Bd3 Re8 31. a3 d4 32. b4 Ra8 33. b5 Rc7 34. b6 Rd7 35. Be4 Rc8 36. Rb1 Rb7 37. g4 Kg7 38. Ke2 Kf6 39. Kd3 Ke5 40. Rf1 Bb2 41. a4 Bc3 42. g5 Ke6 43. Rf6+ Ke5 44. Bd6# 1-0

[Event "Benidorm New Generation U18 11th"]
[Site "Benidorm"]
[Date "2015.12.07"]
[Round "5.4"]
[White "Abalia Patino, Aritz"]
[Black "Comellas Martos, Lidia"]
[Result "1-0"]
[WhiteElo "1986"]
[BlackElo "1751"]
[PlyCount "67"]
[EventDate "2015.12.04"]
[EventType "swiss"]
[EventRounds "7"]
[EventCountry "ESP"]
[SourceTitle "EXT 2024"]
[Source "ChessBase"]
[SourceDate "2023.10.10"]
[SourceVersion "1"]
[SourceVersionDate "2023.10.10"]
[SourceQuality "1"]

1. e4 e6 2. d4 d5 3. Bd3 c5 4. exd5 exd5 5. Nf3 Nc6 6. 0-0 Nf6 7. Re1+ Be7 8. dxc5 0-0 9. c3 Bxc5 10. Bg5 h6 11. Bh4 g5 12. Bg3 Nh5 13. Ne5 Nxg3 14. Nxc6 bxc6 15. hxg3 Qb6 16. Qd2 a5 17. Na3 Bd7 18. Nc2 a4 19. Nd4 Kg7 20. Re5 Qd8 21. Rae1 Qf6 22. Bc2 Bd6 23. Qd3 Rh8 24. Nf5+ Bxf5 25. Rxf5 Qd8 26. Qd4+ Kg8 27. Rf6 Qc7 28. Ree6 c5 29. Rg6+ fxg6 30. Rxg6+ Kf7 31. Qg7+ Ke8 32. Re6+ Be7 33. Qxh8+ Kd7 34. Rxe7+ 1-0

[Event "ESP-ch U18"]
[Site "Salobrena"]
[Date "2015.07.28"]
[Round "3"]
[White "Comellas Martos, Lidia"]
[Black "Barranco Mananet, Fernando"]
[Result "0-1"]
[WhiteElo "1822"]
[BlackElo "1598"]
[PlyCount "82"]
[EventDate "2015.07.27"]
[EventType "swiss"]
[EventRounds "9"]
[EventCountry "ESP"]
[SourceTitle "EXT 2016"]
[Source "ChessBase"]
[SourceDate "2015.10.08"]
[SourceVersion "1"]
[SourceVersionDate "2015.10.08"]
[SourceQuality "1"]

1. e4 e5 2. Nf3 Nc6 3. d4 exd4 4. Nxd4 Nf6 5. Nc3 Bb4 6. Nxc6 bxc6 7. Bd3 0-0 8. 0-0 d5 9. e5 Ng4 10. f4 Bc5+ 11. Kh1 Nf2+ 12. Rxf2 Bxf2 13. Qh5 g6 14. Qf3 Bc5 15. f5 Qh4 16. g3 Qe7 17. Bh6 Re8 18. Re1 Bxf5 19. Bxf5 gxf5 20. Qxf5 Qe6 21. Rf1 Qxf5 22. Rxf5 Re6 23. Bf4 Rae8 24. Ne2 Rd8 25. Rg5+ Rg6 26. Rxg6+ hxg6 27. e6 fxe6 28. Bxc7 Rd7 29. Be5 Bd6 30. Bc3 e5 31. Kg2 Rf7 32. Be1 d4 33. a3 c5 34. b4 c4 35. h4 Kf8 36. Bd2 Ke7 37. Be1 Ke6 38. Bf2 Kd5 39. Bg1 Rf8 40. g4 a5 41. bxa5 Bxa3 0-1

[Event "ESP-ch U16"]
[Site "Salobrena"]
[Date "2015.07.24"]
[Round "8"]
[White "Comellas Martos, Lidia"]
[Black "Ros Alonso, Jaume"]
[Result "1/2-1/2"]
[WhiteElo "1822"]
[BlackElo "2028"]
[PlyCount "77"]
[EventDate "2015.07.20"]
[EventType "swiss"]
[EventRounds "9"]
[EventCountry "ESP"]
[SourceTitle "EXT 2016"]
[Source "ChessBase"]
[SourceDate "2015.10.08"]
[SourceVersion "1"]
[SourceVersionDate "2015.10.08"]
[SourceQuality "1"]

1. e4 c5 2. Nf3 e6 3. d4 cxd4 4. Nxd4 Nf6 5. f3 a6 6. c4 Bc5 7. Nb3 Bb4+ 8. Bd2 Bxd2+ 9. Qxd2 d5 10. e5 dxc4 11. Qxd8+ Kxd8 12. Bxc4 Nfd7 13. f4 b5 14. Be2 Nc6 15. Bf3 Bb7 16. Nc3 Ke7 17. Kf2 Rac8 18. Rac1 f6 19. exf6+ gxf6 20. Rhe1 Ba8 21. a3 Nb6 22. Nc5 Nd4 23. Nxa6 Nc4 24. b4 Bxf3 25. gxf3 Ra8 26. Nc7 Rxa3 27. N7xb5 Nxb5 28. Nxb5 Ra2+ 29. Re2 Rxe2+ 30. Kxe2 Rb8 31. Rxc4 Rxb5 32. Kd3 Kd6 33. Rd4+ Kc6 34. Kc4 Rh5 35. Rd2 Rf5 36. Rd4 Rh5 37. Re4 Kd6 38. Rd4+ Kc6 39. Re4 1/2-1/2